Real Doctor Who Companions - Statistics

General Stats
  • This quiz has been taken 26 times
  • The average score is 109 of 135
Answer Stats
Question Tile Select % Correct
First Doctor Companions Barbara Yes
96%
First Doctor Companions Ruth No
96%
First Doctor Companions Will No
96%
Ninth Doctor Companions Billy No
91%
Ninth Doctor Companions Daisy No
91%
Ninth Doctor Companions Ima Notreel No
91%
Ninth Doctor Companions Nicholas Miller No
91%
Ninth Doctor Companions Tim No
91%
Ninth Doctor Companions Tulip No
91%
Eleventh Doctor Companions Amy Yes
87%
Third Doctor Companions (UNIT Included) Anna No
87%
Twelfth Doctor Companions April May No
87%
Fifth Doctor Companions Bob No
87%
Eleventh Doctor Companions Botyes Arkool No
87%
Eleventh Doctor Companions Clara Yes
87%
Twelfth Doctor Companions Clara Yes
87%
Tenth Doctor Companions Daisy No
87%
Fifteenth Doctor Companions (to date) Diamond No
87%
Fifteenth Doctor Companions (to date) Dollar No
87%
Fifteenth Doctor Companions (to date) Euro No
87%
Seventh Doctor Companions Feyk Kompanian No
87%
Third Doctor Companions (UNIT Included) Gerald No
87%
Thirteenth Doctor Companions Graham Yes
87%
Sixth Doctor Companions Irall No
87%
Fourteenth Doctor Companions Jamie No
87%
Fifteenth Doctor Companions (to date) Jewel No
87%
Eleventh Doctor Companions Johnny No
87%
Twelfth Doctor Companions Johnny No
87%
Twelfth Doctor Companions June July No
87%
Fourth Doctor Companions K9 Yes
87%
Seventh Doctor Companions King No
87%
Eleventh Doctor Companions Lake Poem No
87%
Fourteenth Doctor Companions Liz No
87%
Eleventh Doctor Companions Maggie No
87%
Twelfth Doctor Companions Maggie No
87%
Tenth Doctor Companions Martha Yes
87%
Tenth Doctor Companions Mickey Yes
87%
Thirteenth Doctor Companions Mike No
87%
Twelfth Doctor Companions Nardole Yes
87%
Twelfth Doctor Companions Nevireet Pares No
87%
Tenth Doctor Companions Nicholas Miller No
87%
Thirteenth Doctor Companions Paz No
87%
Fourth Doctor Companions Redel No
87%
Tenth Doctor Companions Ricky No
87%
Eleventh Doctor Companions River Song Yes
87%
Eleventh Doctor Companions Rory Yes
87%
Ninth Doctor Companions Rose Yes
87%
Tenth Doctor Companions Rose Yes
87%
Fifteenth Doctor Companions (to date) Rouble No
87%
Fifteenth Doctor Companions (to date) Rupee No
87%
Thirteenth Doctor Companions Ryan Yes
87%
Third Doctor Companions (UNIT Included) Sarah Jane Yes
87%
Fourth Doctor Companions Sarah Jane Yes
87%
Eleventh Doctor Companions Stream Tune No
87%
Twelfth Doctor Companions Trent No
87%
Thirteenth Doctor Companions Trent No
87%
Tenth Doctor Companions Tulip No
87%
Thirteenth Doctor Companions Waz No
87%
Thirteenth Doctor Companions Yaz Yes
87%
Sixth Doctor Companions Albert Einstein No
83%
Thirteenth Doctor Companions Brian No
83%
Third Doctor Companions (UNIT Included) Brigadier Lethbridge-Stewart Yes
83%
Third Doctor Companions (UNIT Included) Corporal Richard Black No
83%
Tenth Doctor Companions Dickey No
83%
Tenth Doctor Companions Donna Yes
83%
Fourteenth Doctor Companions Donna Yes
83%
Fourteenth Doctor Companions Grace No
83%
Seventh Doctor Companions Henry No
83%
First Doctor Companions Ian Yes
83%
Sixth Doctor Companions Karit Joos No
83%
Sixth Doctor Companions Peri Yes
83%
Fourteenth Doctor Companions Peri No
83%
First Doctor Companions Polly Yes
83%
Seventh Doctor Companions Queen No
83%
Eighth Doctor Companions Robert No
83%
Sixth Doctor Companions Robo-Cat No
83%
Fifteenth Doctor Companions (to date) Ruby Yes
83%
Thirteenth Doctor Companions Sophie No
83%
Sixth Doctor Companions Soril No
83%
Seventh Doctor Companions Ten No
83%
Fifth Doctor Companions Yarra No
83%
Sixth Doctor Companions Yarra No
83%
Fifteenth Doctor Companions (to date) Yen No
83%
Seventh Doctor Companions Ace Yes
78%
Twelfth Doctor Companions Bill Yes
78%
Fourteenth Doctor Companions Clara No
78%
Second Doctor Companions Donald No
78%
Fifteenth Doctor Companions (to date) Donna No
78%
Sixth Doctor Companions Henry No
78%
Seventh Doctor Companions Jack No
78%
Second Doctor Companions Jenny No
78%
Third Doctor Companions (UNIT Included) Jo Yes
78%
Eighth Doctor Companions Mary No
78%
Eighth Doctor Companions Patrick No
78%
Fourteenth Doctor Companions Sarah Jane No
78%
Second Doctor Companions Thomas No
78%
Seventh Doctor Companions Wendy No
78%
Fourteenth Doctor Companions Ace No
74%
Fifth Doctor Companions Adric Yes
74%
Eighth Doctor Companions Charlie No
74%
First Doctor Companions Dodo Yes
74%
Eighth Doctor Companions Dorothy No
74%
Eighth Doctor Companions Edith No
74%
Ninth Doctor Companions Jack Yes
74%
Sixth Doctor Companions Mel Yes
74%
Fifth Doctor Companions Nyssa Yes
74%
Fifth Doctor Companions Peri Yes
74%
Second Doctor Companions Polly Yes
74%
Fourth Doctor Companions Tegan Yes
74%
Fifth Doctor Companions Tegan Yes
74%
First Doctor Companions Vicki Yes
74%
Fourth Doctor Companions Adric Yes
70%
Eighth Doctor Companions Anne No
70%
Eighth Doctor Companions Barry No
70%
Second Doctor Companions Ben Yes
70%
Eighth Doctor Companions Grace Yes
70%
Second Doctor Companions Jamie Yes
70%
Seventh Doctor Companions Mel Yes
70%
Fifth Doctor Companions Redel No
70%
Fourth Doctor Companions Romana Yes
70%
Fourteenth Doctor Companions Rose No
70%
First Doctor Companions Ben Yes
65%
Third Doctor Companions (UNIT Included) Captain Mike Yates Yes
65%
Fourth Doctor Companions Harry Yes
65%
Fourth Doctor Companions Nyssa Yes
65%
Second Doctor Companions Sally No
65%
Third Doctor Companions (UNIT Included) Sergeant John Benton Yes
65%
Second Doctor Companions Victoria Yes
65%
Second Doctor Companions Zoe Yes
65%
Ninth Doctor Companions Adam Yes
61%
Fifth Doctor Companions Kamelion Yes
61%
Fourth Doctor Companions Leela Yes
61%
Third Doctor Companions (UNIT Included) Liz Yes
61%
First Doctor Companions Steven Yes
61%
Fifth Doctor Companions Turlough Yes
52%
No matching quizzes found
Score Distribution
Percent of People with Each Score
Percentile by Number Answered
Your Score History
You have not taken this quiz